000 00547nam a2200229Ia 4500
003 OSt
005 20220923230141.0
006 a|||||r|||| 00| 0
007 ta
008 Pun
024 _a277,807
037 _cTextual
040 _aARTS
_cARTS
_bPun
041 _2Pun
_aPun
082 _aO153,3NSHIx, K8
100 _aFਾਂਤ
_9168908
245 0 _aਗੜੇ ਮਾਰ
260 _c1968
650 _aਪੰਜਾਬੀ ਸਾਹਿਤ
942 _hO153,3NSHIx, K8
_cTEXL
_2CC
999 _c382858
_d382858